| 000 | 01607cam a22002054a 4500 | ||
|---|---|---|---|
| 005 | 20250605164116.0 | ||
| 008 | 250528s ||||||||||||||||||||||||d | ||
| 035 | _a18077 | ||
| 020 | _a9602092351 | ||
| 040 |
_aGR-AtMCL _bgre _dGR-AtMCL _eAACR2 |
||
| 245 | 1 | _aΔημόσιες Σχέσεις / Με απλα και κατανοητά μαθήματα με παραδείγματα και αναλύσεις περιπτώσεων - Με ασκήσεις στο τέλος κάθε κεφαλαίου - Κατάλληλο για σπουδαστές και στελέχη επιχειρήσεων. | |
| 250 | _a4η | ||
| 260 |
_bΚλειδάριθμος, _c1994 |
||
| 300 | _a360 | ||
| 520 | _aΣυνοπτική και Περιεκτική Κάλυψη μεγάλου εύρους θεμάτων που ανήκουν στους τομείς της οικονομίας, των νομικών, και του κόσμου των επιχειρήσεων. Ιστορία των Δημοσίων Σχέσεων, Τμήματα Δημοσίων Σχέσεων, Στόχοι των Δημοσίων Σχέσεων, Τα μέσα Ενημέρωσης, Ιδιωτικά Μέσα Επικοινωνίας, Αξιολόγηση των Αποτελεσμάτων, Εκθέσεις και Συνέδρια, Διαδικασίες Εκτύπωσης, Έρευνα Μάρκετινγκ, Ειδικές Χρήσεις των ΔΣ, Νέες Εξελίξεις και Τάσεις, Παραρτήματα, Ευρετήριο. | ||
| 700 | 1 |
_aJefkins Frank _92154 |
|
| 942 | _cBK | ||
| 999 |
_c3464 _d3464 |
||